| 000 | 01373nam a22002057a 4500 | ||
|---|---|---|---|
| 005 | 20250318123359.0 | ||
| 010 | _aHIN-129526-527 | ||
| 020 |
_a9788179700006 (भाग-2) _c450.00 |
||
| 020 |
_a8179700003 (भाग-3) _c450.00 |
||
| 035 | _aHN-101872-873 | ||
| 037 | _bसमय प्रकाशन | ||
| 082 | _a820 | ||
| 245 |
_aचतुर्भुज रचनावली -भाग 2-3: _cअशोक प्रियदर्शी, कुमार शांतरक्षित, सुनील कुमार सिन्हा _bपन्द्रह ऐतिहासिक नाटकों का संग्रह; कहानियां, नाटक/रूपक, संस्मरण और लेख |
||
| 260 |
_aनई दिल्ली _bसमय प्रकाशन _c2003, 2005 |
||
| 270 |
_aआई-1/16, शांति मोहन हाउस, अंसारी रोड, दरियागंज, _bनई दिल्ली _e110002 |
||
| 300 |
_a2भाग(480; 491 पृ. _c22सेमी(सजिल्द) |
||
| 490 | _v2 भाग | ||
| 700 |
_aअशोक प्रियदर्शी; कुमार शांतरक्षित; सुनील कुमार सिन्हा द्वारा संपादित _979733 |
||
| 942 |
_2ddc _cHN _h820 _mचतुर्भु |
||
| 999 |
_c210358 _d210358 |
||